Statistics for Countries with Lava Lakes

Click here to take the quiz!

General Stats

  • This quiz has been taken 21 times
    (20 since last reset)
  • The average score is 14 of 23

Answer Stats

Location(s)Permenant/Intermittent/HistoricAnswer% Correct
TolbachikHistoricRussia
94%
Piton De La FournaiseIntermittentFrance
89%
Mount Etna, StromboliHistoricItaly
89%
Mount MiharaHistoricJapan
89%
KilaueaPermenantUnited States of America
89%
VillarricaIntermittentChile
83%
SurtseyHistoricIceland
83%
Mawson PeakIntermittent(?)Australia
78%
Tunguraha, La CumbreHistoricEcuador
78%
Mount Michael/Mount BelindaPermanent, Intermittent(?)United Kingdom
72%
CapelinosHistoricPortugal
67%
Nyriagongo,NyamuriginaPermenant, HistoricDemocratic Republic Of The Congo
61%
Ol Doinyo LengaiIntermittentTanzania
61%
Masaya,TelicaIntermittent, HistoricNicaragua
56%
Mount MatavanuHistoricSamoa
56%
TofuaHistoricTonga
56%
Ambrym, Mount YasurPermenant, IntermittentVanuatu
56%
Erta AlePermenantEthiopia
50%
PacayaHistoricGuatemala
50%
TurrialbaIntermittentCosta Rica
44%
NabroHistoricEritrea
17%
KarthalaIntermittentComoros
11%
ArdoukobaHistoricDjibouti
6%

Score Distribution

Percentile by Number Answered

Percent of People with Each Score

Your Score History

You have not taken this quiz since the last reset